Neoclasicismo y romanticismo: arquitectura, escultura, pintura, dibujo: 1750-1848
Furkejuvvon:
| Váldodahkki: | |
|---|---|
| Materiálatiipa: | Girji |
| Giella: | espánnjágiella |
| Almmustuhtton: |
Colonia
Könemann
2000
|
| Fáttát: | |
| Fáddágilkorat: |
Lasit fáddágilkoriid
Eai fáddágilkorat, Lasit vuosttaš fáddágilkora!
|
MARC
| LEADER | 00000nam a2200000 a 4500 | ||
|---|---|---|---|
| 001 | UCN0397 | ||
| 003 | CL-VaPUC | ||
| 008 | 010323e20000000GW |||||||||||||||||spa|d | ||
| 082 | 0 | 4 | |a 709.034 |b TOM |2 21 |
| 100 | 0 | |a Toman, Rolf |e author |9 455615 | |
| 245 | 1 | 0 | |a Neoclasicismo y romanticismo: arquitectura, escultura, pintura, dibujo: 1750-1848 |
| 300 | |a 520 p | ||
| 942 | |c BK | ||
| 945 | |d 20010323 00:00:00 |a cmena | ||
| 260 | |a Colonia |b Könemann |c 2000 | ||
| 650 | 0 | |a Arte |x Neoclasicismo |9 455616 | |
| 650 | 0 | |a Arte |x Romanticismo |9 544781 | |
| 650 | 0 | |a Arquitectura |9 804558 | |
| 650 | 0 | |a Escultura |9 265737 | |
| 650 | 0 | |a Pintura |9 265046 | |
| 650 | 0 | |a Dibujos |9 264123 | |
| 583 | |a last modification |c 20130316 11:41:27 |k Rodrigo Vera | ||
| 999 | |c 294151 |d 294149 | ||
| 952 | |0 0 |1 0 |4 0 |6 709_034000000000000_TOM_2000 |7 0 |8 X |9 346053 |a BIBHIS |b BIBHIS |d 2019-11-20 |i 3703045 |l 1 |o 709.034 TOM 2000 |p 3703045 |r 2024-01-30 |s 2023-11-07 |w 2019-11-20 |y BK_X |k HIS | ||
| 952 | |0 0 |1 0 |4 0 |6 709_034000000000000_TOM_2000 |7 0 |8 F |9 346054 |a BIBART |b BIBART |d 2019-11-20 |i 3841677 |o 709.034 TOM 2000 |p 3841677 |r 2025-03-13 |w 2019-11-20 |y BK_F |k ART | ||